[Event "Mazowiec-chT op 1112"]
[Site "Poland"]
[Date "2012.01.08"]
[Round "1.31"]
[White "Kania, Wlodzimierz"]
[Black "Krasiewicz, Dawid"]
[Result "1-0"]
[WhiteElo "1857"]
[BlackElo "1720"]
[PlyCount "107"]
[EventDate "2012.01.08"]
[EventType "team-swiss"]
[EventRounds "10"]
[EventCountry "POL"]
[SourceTitle "EXT 2019"]
[Source "ChessBase"]
[SourceDate "2018.10.10"]
[SourceVersion "1"]
[SourceVersionDate "2018.10.10"]
[SourceQuality "1"]

1. e4 e6 2. d4 d5 3. exd5 exd5 4. Nf3 Nf6 5. Bg5 Be7 6. Bd3 Bg4 7. 0-0 0-0 8. h3 Bh5 9. Nbd2 Nbd7 10. c3 c5 11. Qc2 Bg6 12. Bxg6 fxg6 13. dxc5 Bxc5 14. Nb3 Qc7 15. Nxc5 Qxc5 16. Nd4 Rae8 17. Rae1 Ne4 18. Be3 Qc4 19. Rd1 Ne5 20. Qb3 Rf7 21. Nb5 a6 22. Na3 Qxb3 23. axb3 Nf6 24. Nc2 Nc6 25. Nd4 Nxd4 26. Rxd4 Re4 27. Rfd1 h6 28. Rxe4 dxe4 29. Kf1 Rd7 30. Rxd7 Nxd7 31. Ke2 Kf7 32. Bd4 Ke6 33. Ke3 Nf6 34. Bxf6 gxf6 35. Kxe4 Kd6 36. Kd4 b6 37. g4 Kc6 38. f4 Kd6 39. Ke4 Kc5 40. h4 Kd6 41. Kd4 Ke6 42. c4 f5 43. g5 hxg5 44. hxg5 Kd6 45. b4 Ke6 46. c5 bxc5+ 47. bxc5 a5 48. b3 Kd7 49. Kd5 Kc7 50. c6 Kc8 51. Kc5 Kc7 52. Kb5 Kd6 53. Kb6 Kd5 54. c7 1-0

[Event "Mazowiec-chT op 1112"]
[Site "Poland"]
[Date "2012.01.08"]
[Round "2.26"]
[White "Krasiewicz, Dawid"]
[Black "Jasinowicz, Waclaw"]
[Result "1/2-1/2"]
[WhiteElo "1720"]
[BlackElo "1458"]
[PlyCount "58"]
[EventDate "2012.01.08"]
[EventType "team-swiss"]
[EventRounds "10"]
[EventCountry "POL"]
[SourceTitle "EXT 2019"]
[Source "ChessBase"]
[SourceDate "2018.10.10"]
[SourceVersion "1"]
[SourceVersionDate "2018.10.10"]
[SourceQuality "1"]

1. d4 d5 2. c4 e6 3. Nc3 Nf6 4. Bf4 Bb4 5. e3 Bd7 6. Qc2 0-0 7. Nf3 Ne4 8. Bd3 f5 9. a3 Bxc3+ 10. bxc3 c6 11. Rb1 Qa5 12. Bxe4 fxe4 13. Nd2 Qxa3 14. Rxb7 Bc8 15. Rxb8 Rxb8 16. Bxb8 Ba6 17. Be5 Qa1+ 18. Nb1 Bxc4 19. Qd1 Qb2 20. Nd2 Bd3 21. f4 Qxc3 22. Kf2 Bc2 23. Qc1 Qd3 24. Nb1 Bxb1 25. Rd1 Qc2+ 26. Qxc2 Bxc2 27. Rc1 Ba4 28. Ra1 Bb5 29. Rxa7 Rf7 1/2-1/2

[Event "Warsaw YMCA Winter 33rd"]
[Site "Warsaw"]
[Date "2007.03.??"]
[Round "13"]
[White "Krasiewicz, Dawid"]
[Black "Wrabel, Antoni"]
[Result "0-1"]
[WhiteElo "1678"]
[BlackElo "1899"]
[PlyCount "78"]
[EventDate "2007.01.04"]
[EventType "tourn"]
[EventRounds "13"]
[EventCountry "POL"]
[SourceTitle "EXT 2019"]
[Source "ChessBase"]
[SourceDate "2018.10.10"]
[SourceVersion "1"]
[SourceVersionDate "2018.10.10"]
[SourceQuality "1"]

1. d4 Nf6 2. c4 c5 3. d5 e6 4. Nc3 exd5 5. cxd5 d6 6. Nf3 g6 7. e4 Bg7 8. Qc2 0-0 9. Be2 Re8 10. 0-0 Na6 11. a3 Nc7 12. Bf4 Nh5 13. Bg5 Bf6 14. Bxf6 Qxf6 15. Nd2 Nf4 16. Bf3 g5 17. g3 Ng6 18. Rfe1 Ne5 19. Bg2 b6 20. b4 Ba6 21. Bf1 Bxf1 22. Rxf1 g4 23. Ne2 Rac8 24. bxc5 dxc5 25. Nf4 Nb5 26. Qa4 Nd4 27. Qxa7 Ndf3+ 28. Nxf3 Nxf3+ 29. Kg2 Rxe4 30. Qd7 Rxf4 31. Qxc8+ Kg7 32. gxf4 Qxf4 33. Rh1 Nh4+ 34. Kf1 Qc4+ 35. Ke1 Nf3+ 36. Kd1 Qd3+ 37. Kc1 Qc3+ 38. Kb1 Nd2+ 39. Ka2 Qb3# 0-1

[Event "Ostroda op"]
[Site "Ostroda"]
[Date "2006.08.08"]
[Round "2.2"]
[White "Siwon, Zbigniew"]
[Black "Krasiewicz, Dawid"]
[Result "1-0"]
[WhiteElo "1959"]
[BlackElo "1702"]
[PlyCount "136"]
[EventDate "2006.08.07"]
[EventType "swiss"]
[EventRounds "9"]
[EventCountry "POL"]
[SourceTitle "CBM 113 Extra"]
[Source "ChessBase"]
[SourceDate "2006.09.14"]
[SourceVersion "1"]
[SourceVersionDate "2006.09.14"]
[SourceQuality "1"]

1. d4 c6 2. c4 d5 3. cxd5 cxd5 4. Nc3 Nc6 5. Nf3 Bf5 6. Qb3 Nf6 7. Qxb7 Qc8 8. Qxc8+ Rxc8 9. a3 e6 10. Bf4 Nh5 11. Bg3 Nxg3 12. hxg3 Na5 13. Nd2 Be7 14. e3 0-0 15. Be2 Rfd8 16. 0-0 Bc2 17. Rac1 Bb3 18. Nxb3 Nxb3 19. Rc2 Bf6 20. f4 Rd6 21. Bb5 a6 22. Ba4 Na5 23. Nxd5 Rxc2 24. Nxf6+ gxf6 25. Bxc2 Nc4 26. Kf2 Nxb2 27. Rb1 Rb6 28. Ke2 Nc4 29. Rxb6 Nxb6 30. g4 h6 31. Kd3 Kf8 32. e4 Ke7 33. Kc3 a5 34. Bb3 Kd6 35. Kd3 Kc6 36. a4 Kd6 37. Ke3 Na8 38. Kf3 Nc7 39. Bc4 Na8 40. Kg3 Ke7 41. Kh4 Kf8 42. g5 hxg5+ 43. fxg5 fxg5+ 44. Kxg5 Ke7 45. Kf4 f6 46. g4 Nb6 47. Bb5 Nc8 48. e5 Kf7 49. Bc4 Ne7 50. Ke4 fxe5 51. Kxe5 Nc6+ 52. Ke4 Kf6 53. g5+ Kxg5 54. Bxe6 Kf6 55. Bc4 Nb4 56. d5 Ke7 57. Ke5 Kd7 58. Bb5+ Kc7 59. Ke6 Kd8 60. Kd6 Na2 61. Kc5 Nc3 62. Bc6 Kc7 63. d6+ Kd8 64. Kb6 Nxa4+ 65. Bxa4 Kc8 66. Kc6 Kd8 67. d7 Ke7 68. Kc7 Ke6 1-0

[Event "POL-chT 2nd League"]
[Site "Wysowa"]
[Date "2005.09.04"]
[Round "9.95"]
[White "Piorun, Kacper"]
[Black "Krasiewicz, Dawid"]
[Result "1-0"]
[WhiteElo "1855"]
[BlackElo "1800"]
[PlyCount "85"]
[EventDate "2005.08.27"]
[EventType "team-swiss"]
[EventRounds "9"]
[EventCountry "POL"]
[SourceTitle "EXT 2019"]
[Source "ChessBase"]
[SourceDate "2018.10.10"]
[SourceVersion "1"]
[SourceVersionDate "2018.10.10"]
[SourceQuality "1"]
[WhiteTeam "Lodz Szach Centrum"]
[BlackTeam "Zielonka Zieloni"]
[WhiteTeamCountry "POL"]
[BlackTeamCountry "POL"]

1. e4 e6 2. d4 d5 3. Nd2 Nf6 4. e5 Nfd7 5. Bd3 c5 6. c3 Nc6 7. Ne2 cxd4 8. cxd4 Nb4 9. Bb1 Qc7 10. 0-0 Be7 11. Nf4 g6 12. Nf3 Nc6 13. h4 Qd8 14. g3 h6 15. Qd3 Nf8 16. Ne2 Qb6 17. Nc3 Bd7 18. Bc2 Nb4 19. Qe2 Nxc2 20. Qxc2 Rc8 21. Bd2 Qd8 22. Qd3 a6 23. a4 Bc6 24. Rfb1 Bb4 25. b3 Qc7 26. Na2 Bxd2 27. Qxd2 Nd7 28. Rc1 Qb8 29. Nb4 Qa7 30. Rc3 Nb8 31. a5 Kd7 32. Qf4 Rcf8 33. Rac1 Ke7 34. Qf6+ Kd7 35. Nd3 Ke8 36. Nc5 Nd7 37. Nxd7 Kxd7 38. Rc5 Qb8 39. Ne1 Qd8 40. Nd3 Qxf6 41. exf6 Kd6 42. Ne5 g5 43. Rxc6+ 1-0